000 00533nam a22001457a 4500
999 _c535658
_d535658
082 _a624.1
100 _aRasheed, Faris
245 _aRisk management for engineering-procurement-construction (EPC) Hydropower projects in Pakistan /
_cFaris Rasheed.
260 _aIslamabad :
_bNIT - NUST ,
_c2015.
300 _a63 p. : ill. ;
_c30cm.
942 _2ddc
_cTHE
650 _aConstruction Engineering Management - MS Theses.
_930389
700 _aSup Dr Jamaluddin Thaheem.
_930390